| 000 | 01173nam a22003378i 4500 | ||
|---|---|---|---|
| 001 | 020101852 | ||
| 003 | EG-ScBUE | ||
| 005 | 20220302133859.0 | ||
| 008 | 210202s2022 ne a f 001 0 eng d | ||
| 020 | _a9780128160367 (pbk.) | ||
| 040 |
_aStDuBDS _beng _erda _cStDuBDS _dEG-ScBUE |
||
| 082 | 0 | 4 |
_a621.042 _222 _bDAR |
| 100 | 1 |
_aDa Rosa, Aldo Vieira, _eauthor. _937985 |
|
| 245 | 1 | 0 |
_aFundamentals of renewable energy processes / _cAldo Vieira da Rosa, Stanford University, Juan Carlos Ordonez, Florida State University. |
| 250 | _aFourth edition. | ||
| 264 | 1 |
_aAmsterdam : _bAcademic Press, _c2022. |
|
| 300 |
_axxi, 922 pages : _billustrations ; _c24 cm |
||
| 336 |
_atext _2rdacontent _btxt |
||
| 336 |
_astill image _2rdacontent _btxt |
||
| 337 |
_aunmediated _2rdamedia _bn |
||
| 338 |
_avolume _2rdacarrier _bnc |
||
| 500 | _aIncludes index. | ||
| 650 | 7 |
_aRenewable energy sources. _2BUEsh _935947 |
|
| 650 | 7 |
_aPower (Mechanics) _2BUEsh |
|
| 650 | 7 |
_aEnvironmental engineering. _2BUEsh |
|
| 653 |
_bGGEN _cFebruary2022 |
||
| 655 |
_vReading book _934232 |
||
| 700 | 1 |
_aOrdóñez, Juan Carlos, _d1973- _eauthor. |
|
| 942 |
_2ddc _cBB |
||
| 999 |
_c29824 _d29795 |
||